Tilisam hosh afza (Record no. 16833)
[ view plain ]
| 000 -LEADER | |
|---|---|
| fixed length control field | 00444nam a22001817a 4500 |
| 003 - CONTROL NUMBER IDENTIFIER | |
| control field | NUST |
| 008 - FIXED-LENGTH DATA ELEMENTS--GENERAL INFORMATION | |
| fixed length control field | 140108t xxu||||| |||| 00| 0 eng d |
| 020 ## - INTERNATIONAL STANDARD BOOK NUMBER | |
| International Standard Book Number | 969-35-0928-5 |
| 038 ## - RECORD CONTENT LICENSOR | |
| Staff Name | ASAB |
| 082 ## - DEWEY DECIMAL CLASSIFICATION NUMBER | |
| Classification number | Fic |
| 100 ## - MAIN ENTRY--PERSONAL NAME | |
| Personal name | Ashfaq Ahmad |
| 9 (RLIN) | 562 |
| 240 ## - UNIFORM TITLE | |
| Uniform title | Tilism hoshafza |
| 245 ## - TITLE STATEMENT | |
| Title | Tilisam hosh afza |
| Remainder of title | science fiction |
| 246 ## - VARYING FORM OF TITLE | |
| Title proper/short title | tilism hoshafza |
| 260 ## - PUBLICATION, DISTRIBUTION, ETC. | |
| Place of publication, distribution, etc. | Lahore |
| Name of publisher, distributor, etc. | Sang e Meel Publishers |
| Date of publication, distribution, etc. | 2005 |
| 300 ## - PHYSICAL DESCRIPTION | |
| Extent | 175 P |
| 942 ## - ADDED ENTRY ELEMENTS (KOHA) | |
| Source of classification or shelving scheme | |
| Koha item type | Book |
| Withdrawn status | Lost status | Source of classification or shelving scheme | Damaged status | Not for loan | Collection code | Permanent Location | Current Location | Date acquired | Total Checkouts | Full call number | Barcode | Date last seen | Price effective from | Koha item type |
|---|---|---|---|---|---|---|---|---|---|---|---|---|---|---|
| Atta-ur-Rahman School of Applied Biosciences (ASAB) | Atta-ur-Rahman School of Applied Biosciences (ASAB) | 01/08/2014 | Fic Ahmad | ASAB2452 | 01/08/2014 | 01/08/2014 | Book | |||||||
| Atta-ur-Rahman School of Applied Biosciences (ASAB) | Atta-ur-Rahman School of Applied Biosciences (ASAB) | 01/08/2014 | Fic Ahmad | ASAB2451 | 01/08/2014 | 01/08/2014 | Book | |||||||
| Atta-ur-Rahman School of Applied Biosciences (ASAB) | Atta-ur-Rahman School of Applied Biosciences (ASAB) | 01/08/2014 | Fic Ahmad | ASAB2450 | 01/08/2014 | 01/08/2014 | Book | |||||||
| Atta-ur-Rahman School of Applied Biosciences (ASAB) | Atta-ur-Rahman School of Applied Biosciences (ASAB) | 01/08/2014 | Fic Ahmad | ASAB2449 | 01/08/2014 | 01/08/2014 | Book | |||||||
| Atta-ur-Rahman School of Applied Biosciences (ASAB) | Atta-ur-Rahman School of Applied Biosciences (ASAB) | 01/08/2014 | Fic Ahmad | ASAB2448 | 09/26/2018 | 01/08/2014 | Book |
